00976nam a2200241 i 450000100060000000300090000600500170001500700030003200800410003508000310007608000110010710000430011824500980016126000420025930000350030165000340033665000660037065000670043671000400050385200520054399900170059595201220061218182ES-MaACL20250912063036.0t|011003s1969 fr ||||1| spa d a325.254.4:32(460)"1939/45" a940.531 aVilanova, Antonio, d1923-2008911477414aLos olvidados b: los exilados españoles en la Segunda Guerra Mundial / cAntonio Vilanova. a[Paris] : bRuedo Ibérico, c[1969] aXIX, 509 p. : bil. ; c23 cm.14aExiliados españoles.91265614aGuerra mundial, 1939-1945-xCampos de concentración.91323500aGuerra mundial, 1939-1945-xParticipación española.9132512 aÉditions Ruedo ibérico.9145333 aES-MaACLjAND-108 z- Biblioteca Juan Andrade. c18182d18182 00104070aATENEOMbATENEOMcDEPO2d2008-01-17eSCl0oAND-108p1018590r2023-02-23 00:00:00w2023-02-23yMONOGRAFIA